Science Quiz

Random Science or Clickable Quiz

Chemical Element Anagram Word Pairs Quiz Stats

 Plays Quiz not verified by Sporcle

Score 0/26 Timer 20:00
0 Plays Today
% Correct
NO
78.6%
IN
67.9%
CON
64.3%
LIE
60.7%
MINUS
60.7%
IRON
57.1%
NEON
53.6%
ROB
50%
MAN
50%
OR
46.4%
CAT
42.9%
CAR
42.9%
DIE
42.9%
% Correct
DO
42.9%
MUG
42.9%
TEA
42.9%
MUSE
39.3%
MINT
39.3%
ICE
39.3%
TENT
39.3%
HUB
39.3%
EMU
35.7%
RIM
32.1%
MUM
32.1%
DUMMIES
28.6%
TIER
25%

You're not logged in!

Compare scores with friends on all Sporcle quizzes.
OR
Log In

You Might Also Like...

Show Comments

Extras

Top Quizzes Today


Score Distribution

Your Account Isn't Verified!

In order to create a playlist on Sporcle, you need to verify the email address you used during registration. Go to your Sporcle Settings to finish the process.

Report this User

Report this user for behavior that violates our Community Guidelines.

Details: